Národný park vznikol najmä pre prírodu Tomáš Vančura, riaditeľ Správy TANAP-u: Návštevník by mal vedieť v Tatrách nájsť tiché aj rušnejšie miesta

Bibliographic Details
Main Authors: Kaliská, Gabriela, 1954- (Author, Interviewer), Vančura, Tomáš, 1962- (Author)
Format: Article
Language:Slovak
ISSN:1335-4051
Subjects:

MARC

LEADER 00000nab a2200000 a 4500
001 vtls008410973
003 SK-MaSNL
005 20260303070151.0
008 051122c20051119xo ur| 0 0slo
038 |a RVGKPD 
040 |a RVGKPD  |b slo  |c RVGKPD  |e AACR2 
041 0 |a slo 
044 |a xo  |c SK 
080 |a 502.4  |2 UDC-MRF-SK2 
100 1 |a Kaliská, Gabriela,  |d 1954-  |4 aut  |4 ivr  |9 107915 
245 1 0 |a Národný park vznikol najmä pre prírodu  |b Tomáš Vančura, riaditeľ Správy TANAP-u: Návštevník by mal vedieť v Tatrách nájsť tiché aj rušnejšie miesta  |c Gabriela Kaliská, Tomáš Vančura 
610 2 7 |a Správa Tatranského národného parku (Tatranská Lomnica, Slovensko)  |2 rvgkpd  |9 28868 
651 7 |a Tatranská Lomnica (Vysoké Tatry, Slovensko)  |2 rvgkpd  |9 160914 
700 1 |a Vančura, Tomáš,  |d 1962-   |4 aut  |4 ive  |9 13164 
773 0 |t Pravda  |g Roč. XV, č. 267 (19.11.2005)  |x 1335-4051 
773 0 |i [Príl.]  |t Tatry - rok po  |g (19.11.2005), s. IV 
852 |a RVGKPD  |b KIS3G 
992 |a RBX 
999 |c 1754225  |d 1756155